000 00587nam a2200205Ia 4500
003 OSt
005 20200903093944.0
008 190216s9999||||xx |||||||||||||| ||und||
020 _a9788177582833
020 _a9788131758915
040 _coclc
082 _a531
_bGOL/C
100 _aGoldstein, Herbert
_94393
245 0 _aClassical Mechanics /
_cHerbert Goldstein ; Charles Poole ; John Safko
250 _a3rd Ed.
260 _bPearson Education Asia,
_aDelhi:
_c2006.
300 _a638p
650 _aPhysics
942 _cBK
_2ddc
_h531
_iGOL/C
_k531
_mGOL/C
999 _c33968
_d33968